La pintura contemporánea norteamericana. (Registro nro. 1606)

000 -CABECERA
campo de control de longitud fija 00908nam a2200325Ia 4500
001 - NÚMERO DE CONTROL
campo de control 1908
008 - DATOS DE LONGITUD FIJA--INFORMACIÓN GENERAL
campo de control de longitud fija 191123s9999 xx 000 0 und d
041 ## - CÓDIGO DE LENGUA
Código de lengua del texto/banda sonora o título independiente spa
044 ## - CÓDIGO DEL PAÍS DE LA ENTIDAD EDITORA/PRODUCTORA
Código MARC del país xxu
245 #0 - MENCIÓN DE TÍTULO
Título La pintura contemporánea norteamericana.
260 ## - PUBLICACIÓN, DISTRIBUCIÓN, ETC.
Lugar de publicación, distribución, etc. New York :
Nombre del editor, distribuidor, etc. Museum of Modern Art,
Fecha de publicación, distribución, etc. 1941.
300 ## - DESCRIPCIÓN FÍSICA
Extensión 166 p.
500 ## - NOTA GENERAL
Nota general Exposición que se exhibirá en distintas ciudades de America Latina (mayo-diciembre 1941)
504 ## - NOTA DE BIBLIOGRAFÍA, ETC.
Nota de bibliografía, etc. Bibliografía pp. 163-164
650 ## - PUNTO DE ACCESO ADICIONAL DE MATERIA--TÉRMINO DE MATERIA
Término de materia o nombre geográfico como elemento de entrada BIOGRAFIAS
650 ## - PUNTO DE ACCESO ADICIONAL DE MATERIA--TÉRMINO DE MATERIA
Término de materia o nombre geográfico como elemento de entrada ESTADOS UNIDOS
650 ## - PUNTO DE ACCESO ADICIONAL DE MATERIA--TÉRMINO DE MATERIA
Término de materia o nombre geográfico como elemento de entrada EXPOSICIONES
650 ## - PUNTO DE ACCESO ADICIONAL DE MATERIA--TÉRMINO DE MATERIA
Término de materia o nombre geográfico como elemento de entrada METROPOLITAN MUSEUM OF ART, NEW YORK
650 ## - PUNTO DE ACCESO ADICIONAL DE MATERIA--TÉRMINO DE MATERIA
Término de materia o nombre geográfico como elemento de entrada MUSEUM OF MODERN ART, NEW YORK
650 ## - PUNTO DE ACCESO ADICIONAL DE MATERIA--TÉRMINO DE MATERIA
Término de materia o nombre geográfico como elemento de entrada PINTURAS
650 ## - PUNTO DE ACCESO ADICIONAL DE MATERIA--TÉRMINO DE MATERIA
Término de materia o nombre geográfico como elemento de entrada WHITNEY MUSEUM OF AMERICAN ART, NEW YORK
902 ## - ELEMENTOS DE DATOS B LOCAL, LDB (RLIN)
a M
903 ## - ELEMENTOS DE DATOS C LOCAL, LDC (RLIN)
a m
904 ## - ELEMENTOS DE DATOS D LOCAL, LDD (RLIN)
a m
907 ## - ELEMENTOS DE DATOS G LOCAL, LDG (RLIN)
a Impreso
911 ## - EQUIVALENCIA O REFERENCIA-CRUZADA-NOMBRE DE CONFERENCIA O REUNIÓN/CONGRESO [LOCAL, CANADÁ]
Nombre de congreso/reunión o jurisdicción como elemento de entrada ilus. b/n; 26 cm
912 ## -
-- 1941
942 ## - ELEMENTOS DE PUNTO DE ACCESO ADICIONAL (KOHA)
Tipo de ítem Koha Libro
Existencias
Estado de retiro Estado de pérdida Estado dañado No para préstamo Localización permanente Ubicación/localización actual Fecha de adquisición Signatura topográfica completa Fecha visto por última vez Precio válido a partir de Tipo de ítem Koha Fuente del sistema de clasificación o colocación Código de barras Nota pública
        Biblioteca Horacio Butler Biblioteca Horacio Butler 2019-11-23 G - 3 - 26 2019-11-23 2019-11-23 Libro      
        Biblioteca Horacio Butler Biblioteca Horacio Butler 2019-11-23 G - 3 - 26 2019-11-23 2019-11-23 Libro   6024 DONACIÓN GONZÁLEZ GARAÑO

Con tecnología Koha